000 00595cam a2200229 a 4500
001 899211
005 20180131051138.0
008 811112s1982 njua 001 0 eng
010 _a 81020975
020 _a0132297086 :
_c$12.95
020 _a013229690X (pbk.) :
_c$6.95
040 _aDLC
_cDLC
_dDLC
041 _aeng
043 _an-us---
080 _a330 ROB
082 0 0 _a330 ROB
_219
100 1 _a52
101 _aECO
245 1 0 _aEconomics explained /
_cRobert L. Heilbroner and Lester C. Thurow.
906 _a7
_bcbc
_corignew
_d1
_eocip
_f19
_gy-gencatlg
942 _2ddc
_cBK
999 _c41366
_d41366